LEADER 00983nam a2200253 4500 001 000000352523 003 CaOOAMICUS 005 20221216115750.0 008 221216s2012 it 000 u ita r 040 $aSeMil$bita 100 1 $aPessoa, Fernando,$d<1888-1935>.$0(OLS)http://semarc/name/31396 245 13$aIl banchiere anarchico / $cFernando Pessoa. 264 1$aMilano :$bIl Sole 24 ORE,$c2012. 300 $a60 p. ;$c19 cm 490 1 $aRacconti d'autore ;$v67 490 1 $aI libri della domenica 830 0$aRacconti d'autore ;$v67.$0(OLS)http://semarc/title/442340 830 2$aI libri della domenica.$0(OLS)http://semarc/title/442339 850 $aSeMil 852 $aSeMil$W1$xVenegono$y1$m1T I 117$j237058$B243718$CSeMilBibl$Z2$F243718 $81 961 $aTorretta don Sante - Lascito 996 $6245$aIl banchiere anarchico / $9(OLS)http://semarc/title/442373 996 $6264$aMilano :$bIl Sole 24 ORE$9(OLS)http://semarc/publisher/32564 LEADER 01307nam a2200289 i 4500 001 000000185318 003 CaOOAMICUS 005 20151211000000.0 008 151211s2014 it u000 u ita u 013 $a163317 020 $a978-88-908566-3-1 040 $aSeMil$bita 100 1 $aAmiotti, Gabriella.$0(OLS)http://semarc/name/68084 245 12$aL'olivicoltura in Lombardia :$batlante della coltivazione e della produzione /$cGabriella Amiotti, Guido Lucarno. 260 $aBrescia :$bAIPOL,$cstampa 2014. 260 $aMilano :$bUniversità Cattolica del Sacro Cuore,$cstampa 2014. 300 $a220 p. :$bill. ;$c30 cm. 500 $aContiene : Bibliografia. 650 4$aOlivicoltura.$0(OLS)http://semarc/subject/34992 700 1 $aLucarno, Guido.$0(OLS)http://semarc/name/46095 850 $aSeMil 852 $aSeMil$W1$xVenegono$y1$m3M VI 168$j136009$B136009$CSeMilBibl$Z2$F147571 $81 961 $aOmaggio: Altro 996 $6020$a978-88-908566-3-1$9(OLS)http://semarc/number/175420 996 $6245$aL'olivicoltura in Lombardia :$batlante della coltivazione e della produzione$9(OLS)http://semarc/title/266271 996 $6260$aMilano :$bUniversità Cattolica del Sacro Cuore$9(OLS)http://semarc/publisher/32888 996 $6260$aBrescia :$bAIPOL$9(OLS)http://semarc/publisher/49843 LEADER 00977nam a2200229 i 4500 001 000000090209 003 CaOOAMICUS 005 20030811000000.0 008 030811s1984 be u000 u fre u 013 $a62451 040 $aSeMil$bita 100 1 $aFolz, Robert.$0(OLS)http://semarc/name/39332 245 14$aLes saints rois du Moyen Âge :$b6.-18. siècles /$cpar Robert Folz. 260 $aBruxelles :$bSociété des Bollandistes,$c1984. 300 $a248 p. ;$c25 cm. 490 0 $aSubsidia hagiographica ;$v68 650 4$aSanti sovrani - Storia - Sec. 6.-13.$0(OLS)http://semarc/subject/16516 830 0$aSubsidia hagiographica ;$v68.$0(OLS)http://semarc/title/570 850 $aSeMil 852 $aSeMil$W1$xVenegono$y1$mSL1.S III 25$j53185$B53185$CSeMilBibl$Z2$F57810 $8I 996 $6245$aLes saints rois du Moyen Âge :$b6.-18. siècles$9(OLS)http://semarc/title/136109 996 $6260$aBruxelles :$bSociété des Bollandistes$9(OLS)http://semarc/publisher/29839